[Event "HUN-ch"]
[Site "Budapest"]
[Date "2023.12.20"]
[Round "9"]
[White "Krstulovic, Alex"]
[Black "Nemeth, Miklos"]
[Result "0-1"]
[WhiteElo "2429"]
[BlackElo "2417"]
[PlyCount "62"]
[EventDate "2023.12.12"]
[EventType "swiss"]
[EventRounds "9"]
[EventCountry "HUN"]
[SourceTitle "CB52_2023"]
[SourceDate "2023.12.27"]
[SourceVersion "1"]
[SourceVersionDate "2023.12.27"]
[SourceQuality "1"]

1. d4 Nf6 2. Bf4 e6 3. e3 d5 4. Nf3 Nh5 5. Bg5 Be7 6. Bxe7 Qxe7 7. Nbd2 Nf6 8. Bd3 Nbd7 9. Ne5 Nxe5 10. dxe5 Nd7 11. f4 f6 12. Qh5+ Qf7 13. Qxf7+ Kxf7 14. exf6 gxf6 15. c4 Nc5 16. Be2 dxc4 17. Nxc4 a5 18. Rc1 b6 19. Bf3 Nd3+ 20. Kd2 Nxc1 21. Bxa8 Nxa2 22. Ra1 Ba6 23. b3 Rd8+ 24. Ke1 Nb4 25. Be4 Nd3+ 26. Ke2 Nc5 27. Bc2 a4 28. Ke1 axb3 29. Bxb3 Rd3 30. Ba2 Rc3 31. Kd2 Ne4+ 0-1

[Event "HUN-ch"]
[Site "Budapest"]
[Date "2023.12.14"]
[Round "3"]
[White "Csonka, Balazs"]
[Black "Nemeth, Miklos"]
[Result "0-1"]
[WhiteElo "2485"]
[BlackElo "2417"]
[PlyCount "68"]
[EventDate "2023.12.12"]
[EventType "swiss"]
[EventRounds "9"]
[EventCountry "HUN"]
[SourceTitle "CB52_2023"]
[SourceDate "2023.12.27"]
[SourceVersion "1"]
[SourceVersionDate "2023.12.27"]
[SourceQuality "1"]

1. d4 Nf6 2. c4 e6 3. Nc3 Bb4 4. e3 0-0 5. Bd3 Re8 6. Nge2 d5 7. 0-0 Nbd7 8. cxd5 exd5 9. Qb3 Bxc3 10. bxc3 Nb6 11. f3 c5 12. Qb1 Qe7 13. a4 h5 14. a5 Nbd7 15. Re1 h4 16. Nf4 Qd6 17. Ba3 Qc7 18. Qb2 c4 19. Bb1 Nf8 20. Bb4 Ne6 21. Nxe6 Rxe6 22. Qf2 h3 23. Qg3 Qxg3 24. hxg3 hxg2 25. Kxg2 Bd7 26. Bf5 Ra6 27. Bc2 Re8 28. Kf2 g5 29. g4 Kg7 30. Bc5 Rh8 31. Kg3 Rh4 32. Bb4 Nxg4 33. fxg4 Rah6 34. Bf5 Rh2 0-1

[Event "HUN-ch"]
[Site "Budapest"]
[Date "2023.12.13"]
[Round "2"]
[White "Nemeth, Miklos"]
[Black "Prohaszka, Peter"]
[Result "1/2-1/2"]
[WhiteElo "2417"]
[BlackElo "2579"]
[PlyCount "70"]
[EventDate "2023.12.12"]
[EventType "swiss"]
[EventRounds "9"]
[EventCountry "HUN"]
[SourceTitle "CB52_2023"]
[SourceDate "2023.12.27"]
[SourceVersion "1"]
[SourceVersionDate "2023.12.27"]
[SourceQuality "1"]

1. e4 e5 2. Nf3 Nc6 3. Bc4 Nf6 4. d3 Be7 5. 0-0 0-0 6. a4 d6 7. a5 Be6 8. Nbd2 Bxc4 9. Nxc4 Re8 10. Re1 h6 11. Bd2 Bf8 12. Bc3 b5 13. axb6 axb6 14. b3 g6 15. h3 Bg7 16. Rxa8 Qxa8 17. Ne3 Nd8 18. Qd2 Ne6 19. Ng4 Nxg4 20. hxg4 Qc8 21. g3 Qd7 22. Bb2 Kh7 23. Qe3 c5 24. c3 Nc7 25. g5 Qh3 26. Ra1 Rh8 27. Ra7 Kg8 28. Nh4 Ne6 29. Ra8+ Kh7 30. Rxh8+ Bxh8 31. gxh6 Qg4 32. Qf3 Qxf3 33. Nxf3 Kxh6 34. Kf1 Bf6 35. Ke2 Nc7 1/2-1/2

[Event "EU-Cup 38th"]
[Site "Durres"]
[Date "2023.10.07"]
[Round "7.1"]
[White "Gelfand, Boris"]
[Black "Nemeth, Miklos"]
[Result "1-0"]
[WhiteElo "2655"]
[BlackElo "2425"]
[PlyCount "91"]
[EventDate "2023.10.01"]
[EventType "team-swiss"]
[EventRounds "7"]
[EventCountry "ALB"]
[SourceTitle "EXT 2024"]
[Source "ChessBase"]
[SourceDate "2023.10.10"]
[SourceVersion "1"]
[SourceVersionDate "2023.10.10"]
[SourceQuality "1"]
[WhiteTeam "Rishon Le Zzion"]
[BlackTeam "Dunajska Streda"]
[WhiteTeamCountry "ISR"]
[BlackTeamCountry "SVK"]

1. d4 Nf6 2. c4 e6 3. Nf3 b6 4. g3 Bb7 5. Bg2 Be7 6. 0-0 0-0 7. Nc3 Ne4 8. Bd2 d6 9. Qc2 Nxd2 10. Nxd2 Bxg2 11. Kxg2 Bf6 12. Nf3 g6 13. h4 h5 14. Rfd1 Nd7 15. b4 Qe7 16. a4 c6 17. a5 d5 18. Qb3 Bg7 19. e3 Rfc8 20. Rdc1 Bf8 21. axb6 axb6 22. Rxa8 Rxa8 23. b5 dxc4 24. Qxc4 cxb5 25. Qc6 Qd8 26. Nxb5 Ra5 27. Qb7 Rxb5 28. Rc8 Nc5 29. dxc5 bxc5 30. Qa8 Qe7 31. Re8 Qd6 32. Rd8 Qe7 33. Re8 Qd6 34. Rd8 Qe7 35. Ne5 Qb7+ 36. Qxb7 Rxb7 37. Nd7 Kg7 38. Nxf8 Rb2 39. Re8 Rd2 40. Nxe6+ fxe6 41. Rxe6 c4 42. Rc6 Rc2 43. Kf3 c3 44. e4 Rc1 45. Kf4 c2 46. Ke5 1-0

[Event "HUN-ch Rapid"]
[Site "Ajka"]
[Date "2023.07.22"]
[Round "9"]
[White "Gaal, Zsoka"]
[Black "Nemeth, Miklos"]
[Result "0-1"]
[WhiteElo "2328"]
[BlackElo "2443"]
[PlyCount "124"]
[EventDate "2023.07.21"]
[EventType "swiss (rapid)"]
[EventRounds "13"]
[EventCountry "HUN"]
[SourceTitle "CBM 215 Extra"]
[Source "ChessBase"]
[SourceDate "2023.09.30"]
[SourceVersion "1"]
[SourceVersionDate "2023.09.30"]
[SourceQuality "1"]

1. Nf3 Nc6 2. d4 d5 3. g3 Bf5 4. Bg2 Nb4 5. Na3 e6 6. 0-0 Nf6 7. Ne5 Bd6 8. c3 Nc6 9. Nxc6 bxc6 10. Qa4 Qd7 11. Nc4 c5 12. Nxd6+ cxd6 13. Qa5 Rc8 14. Be3 Ng4 15. Bf4 0-0 16. Rad1 c4 17. f3 Nf6 18. Bg5 Ne8 19. e4 dxe4 20. fxe4 Bg6 21. Rd2 Rb8 22. Qa6 Rb5 23. Bd8 d5 24. exd5 exd5 25. Be7 Nc7 26. Qd6 Rd8 27. Qxd7 Rxd7 28. Bc5 Ne6 29. Re1 Be4 30. a4 Rb8 31. Ba3 f5 32. Bxe4 dxe4 33. h4 Rd5 34. Kf2 Re8 35. Ke3 Nc7 36. Rf2 g6 37. h5 Ra5 38. hxg6 hxg6 39. Rh1 Ne6 40. Ke2 Ng7 41. Rfh2 Nh5 42. Rxh5 gxh5 43. Rxh5 Kg7 44. Bb4 Rd5 45. Rh4 Rh8 46. Rxh8 Kxh8 47. Bc5 a6 48. Ke3 Kg7 49. g4 fxg4 50. Kxe4 g3 51. Kxd5 g2 52. Kxc4 g1Q 53. Kb4 Qg2 54. b3 Kf7 55. Ka5 Qb7 56. Bb6 Qd5+ 57. Kxa6 Qxb3 58. a5 Ke6 59. Kb7 Kd7 60. a6 Qd5+ 61. Kb8 Qd6+ 62. Ka7 Kc8 0-1

[Event "New York Mem Day 1000 GM IM-C"]
[Site "New York"]
[Date "2023.05.27"]
[Round "4"]
[White "Sazci, Bilgen"]
[Black "Nemeth, Miklos"]
[Result "0-1"]
[WhiteElo "1827"]
[BlackElo "2452"]
[PlyCount "68"]
[EventDate "2023.05.25"]
[EventType "tourn"]
[EventRounds "9"]
[EventCountry "USA"]
[SourceTitle "CBM 214 Extra"]
[Source "ChessBase"]
[SourceDate "2023.07.31"]
[SourceVersion "1"]
[SourceVersionDate "2023.07.31"]
[SourceQuality "1"]

1. e4 e5 2. Nf3 Nc6 3. Bb5 a6 4. Ba4 Nf6 5. 0-0 b5 6. Bb3 Bc5 7. d3 d6 8. a4 Rb8 9. c3 0-0 10. Nbd2 h6 11. h3 Re8 12. Re1 Bb6 13. Nf1 Be6 14. Bc2 d5 15. exd5 Qxd5 16. Be3 Bxe3 17. Nxe3 Qd7 18. Qd2 b4 19. cxb4 Qd6 20. b5 axb5 21. axb5 Nb4 22. Rad1 Red8 23. d4 e4 24. Ne5 Rxb5 25. N3c4 Bxc4 26. Nxc4 Qc6 27. b3 Qb7 28. Bb1 Rg5 29. Qf4 Nbd5 30. Bxe4 Qxb3 31. Qc1 Nxe4 32. Rxe4 Nc3 33. Rd3 Ne2+ 34. Rxe2 Qxd3 0-1

[Event "Vienna Schev May"]
[Site "Vienna"]
[Date "2023.05.21"]
[Round "9"]
[White "Nemeth, Miklos"]
[Black "Sieber, Fiona"]
[Result "1/2-1/2"]
[WhiteElo "2452"]
[BlackElo "2221"]
[PlyCount "80"]
[EventDate "2023.05.17"]
[EventType "schev"]
[EventRounds "9"]
[EventCountry "AUT"]
[SourceTitle "CBM 214 Extra"]
[Source "ChessBase"]
[SourceDate "2023.07.31"]
[SourceVersion "1"]
[SourceVersionDate "2023.07.31"]
[SourceQuality "1"]
[WhiteTeam "Team D"]
[BlackTeam "Team C"]
[WhiteTeamCountry "AUT"]
[BlackTeamCountry "AUT"]

1. e4 c5 2. Nf3 e6 3. d4 cxd4 4. Nxd4 Nf6 5. Nc3 Nc6 6. Ndb5 Bb4 7. a3 Bxc3+ 8. Nxc3 d5 9. exd5 exd5 10. Bd3 0-0 11. 0-0 Bg4 12. f3 Qb6+ 13. Kh1 Bh5 14. Bg5 Ne4 15. Nxe4 dxe4 16. Bxe4 Qxb2 17. Qb1 Qb6 18. Qxb6 axb6 19. Rfb1 Bg6 20. Bxg6 hxg6 21. Rxb6 Nd4 22. c4 Rfc8 23. Rxb7 Rxc4 24. h3 f6 25. Rc1 Nc2 26. Bd2 Rxa3 27. Rb2 Ra1 28. Rbxc2 Rxc2 29. Rxa1 Rxd2 30. Kh2 g5 31. Ra4 Kh7 32. h4 gxh4 33. Rxh4+ Kg6 34. Rg4+ Kf7 35. Ra4 g5 36. Kh3 Kg6 37. g4 Rd3 38. Kg3 Rb3 39. Rc4 Ra3 40. Rb4 Rc3 1/2-1/2

[Event "Mitropa Cup"]
[Site "Mali Losinj"]
[Date "2023.04.19"]
[Round "9.12"]
[White "Turcan, Richard"]
[Black "Nemeth, Miklos"]
[Result "1-0"]
[WhiteElo "2405"]
[BlackElo "2453"]
[PlyCount "143"]
[EventDate "2023.04.11"]
[EventType "team-tourn"]
[EventRounds "9"]
[EventCountry "CRO"]
[SourceTitle "CBM 213 Extra"]
[Source "ChessBase"]
[SourceDate "2023.05.31"]
[SourceVersion "1"]
[SourceVersionDate "2023.05.31"]
[SourceQuality "1"]
[WhiteTeam "Slovakia"]
[BlackTeam "Hungary"]
[WhiteTeamCountry "SVK"]
[BlackTeamCountry "HUN"]

1. e4 e5 2. Nf3 Nc6 3. Bb5 a6 4. Ba4 Nf6 5. 0-0 Be7 6. Re1 b5 7. Bb3 d6 8. c3 0-0 9. h3 Bb7 10. d4 Re8 11. a4 Bf8 12. d5 Na5 13. Ba2 c6 14. Na3 h6 15. b4 Nc4 16. Nxc4 bxc4 17. Bxc4 cxd5 18. Bxd5 Nxd5 19. exd5 e4 20. Nh2 Rc8 21. Qb3 f5 22. Be3 Qc7 23. Rac1 Qc4 24. Qxc4 Rxc4 25. Nf1 Bxd5 26. Nd2 Rc7 27. c4 Rec8 28. b5 axb5 29. axb5 Be6 30. b6 Rb7 31. Nb3 Rcb8 32. Rb1 Rxb6 33. Bxb6 Rxb6 34. Nd4 Rxb1 35. Rxb1 Bxc4 36. Nxf5 Kf7 37. Ne3 Be6 38. Rb5 Be7 39. Kf1 Bf6 40. Ke2 Bc3 41. Nd5 Bd4 42. f3 exf3+ 43. Kxf3 Be5 44. Rb7+ Kg8 45. Ke4 Bf7 46. Ne7+ Kh7 47. Nc6 Bg6+ 48. Kd5 Bg3 49. Nd4 Kg8 50. Rb8+ Kf7 51. Rb3 Be5 52. Nc6 Bf6 53. Rb7+ Kg8 54. Ne7+ Kh7 55. Nxg6 Kxg6 56. Kxd6 Kf5 57. Rb5+ Kf4 58. Rb4+ Kf5 59. Kd5 Be7 60. Rb3 Bf6 61. Rf3+ Kg6 62. Ke6 Bh4 63. Rf4 Bf6 64. Rg4+ Kh7 65. Kf5 Be7 66. Rg6 Bd8 67. Ra6 Bh4 68. Kg4 Bd8 69. Kh5 Bf6 70. Ra7 Be5 71. g4 Bd6 72. h4 1-0

[Event "Mitropa Cup"]
[Site "Mali Losinj"]
[Date "2023.04.16"]
[Round "6.4"]
[White "Nemeth, Miklos"]
[Black "Besou, Hussain"]
[Result "1-0"]
[WhiteElo "2453"]
[BlackElo "2332"]
[PlyCount "111"]
[EventDate "2023.04.11"]
[EventType "team-tourn"]
[EventRounds "9"]
[EventCountry "CRO"]
[SourceTitle "CBM 213 Extra"]
[Source "ChessBase"]
[SourceDate "2023.05.31"]
[SourceVersion "1"]
[SourceVersionDate "2023.05.31"]
[SourceQuality "1"]
[WhiteTeam "Hungary"]
[BlackTeam "Germany"]
[WhiteTeamCountry "HUN"]
[BlackTeamCountry "GER"]

1. e4 c5 2. Nf3 d6 3. d4 cxd4 4. Qxd4 Nc6 5. Bb5 Bd7 6. Qe3 g6 7. 0-0 Bg7 8. Rd1 Nf6 9. h3 0-0 10. Nc3 a6 11. Bf1 Rc8 12. a3 Qc7 13. Qf4 Ne5 14. Nxe5 dxe5 15. Qh4 Bc6 16. Be3 b5 17. f3 Rfd8 18. Qf2 Qb7 19. Na2 Nd7 20. Nb4 Nf8 21. c3 Be8 22. a4 Rxd1 23. Rxd1 a5 24. Nd3 Ne6 25. axb5 Bxb5 26. Nc5 Nxc5 27. Bxc5 Bxf1 28. Rxf1 e6 29. Rd1 f5 30. exf5 exf5 31. b4 axb4 32. cxb4 e4 33. fxe4 Qxe4 34. Qa2+ Kh8 35. Qd5 Qe2 36. Qd3 Qxd3 37. Rxd3 Kg8 38. Rd7 Rb8 39. Kf1 Bf8 40. Ke2 Bxc5 41. bxc5 Rc8 42. Rd5 Kf7 43. Kd3 Ke6 44. Kc4 Ra8 45. Rd2 Ra1 46. c6 Rc1+ 47. Kb5 Ke5 48. Kb6 Kf4 49. Rd3 g5 50. c7 Rb1+ 51. Kc6 Rc1+ 52. Kd7 h5 53. c8Q Rxc8 54. Kxc8 Ke4 55. Ra3 f4 56. Ra5 1-0

[Event "Budapest Vezerkepzo Christmas GM"]
[Site "Budapest"]
[Date "2023.01.02"]
[Round "7"]
[White "Varga, Zoltan"]
[Black "Nemeth, Miklos"]
[Result "1/2-1/2"]
[WhiteElo "2393"]
[BlackElo "2443"]
[PlyCount "33"]
[EventDate "2022.12.26"]
[EventType "tourn"]
[EventRounds "9"]
[EventCountry "HUN"]
[SourceTitle "CBM 212 Extra"]
[Source "ChessBase"]
[SourceDate "2023.03.31"]
[SourceVersion "1"]
[SourceVersionDate "2023.03.31"]
[SourceQuality "1"]

1. e4 e5 2. Nf3 Nc6 3. d4 exd4 4. Nxd4 Nf6 5. Nxc6 bxc6 6. e5 Qe7 7. Qe2 Nd5 8. c4 Ba6 9. b3 g6 10. g3 Bg7 11. Bb2 0-0 12. Bg2 Rae8 13. 0-0 Bxe5 14. Qxe5 Qxe5 15. Bxe5 Rxe5 16. cxd5 Bxf1 17. Kxf1 1/2-1/2

[Event "Budapest Vezerkepzo Christmas GM"]
[Site "Budapest"]
[Date "2022.12.31"]
[Round "6"]
[White "Nemeth, Miklos"]
[Black "Akbas, Umut Ata"]
[Result "1/2-1/2"]
[WhiteElo "2443"]
[BlackElo "2351"]
[PlyCount "80"]
[EventDate "2022.12.26"]
[EventType "tourn"]
[EventRounds "9"]
[EventCountry "HUN"]
[SourceTitle "CBM 212 Extra"]
[Source "ChessBase"]
[SourceDate "2023.03.31"]
[SourceVersion "1"]
[SourceVersionDate "2023.03.31"]
[SourceQuality "1"]

1. e4 e5 2. Nf3 Nc6 3. Bc4 Bc5 4. 0-0 Nf6 5. d3 0-0 6. Nbd2 d6 7. c3 a5 8. h3 h6 9. Re1 Ba7 10. Nf1 Ne7 11. Ng3 Ng6 12. d4 exd4 13. Nxd4 Re8 14. Bb3 c6 15. Bd2 d5 16. exd5 Rxe1+ 17. Qxe1 Nxd5 18. Qe4 a4 19. Bc4 Nf8 20. Ndf5 Nf6 21. Qe2 Ng6 22. Rd1 Qf8 23. Be3 Bxe3 24. Qxe3 b5 25. Bf1 Be6 26. Qd4 Nd7 27. c4 b4 28. Be2 c5 29. Qe4 a3 30. b3 Nde5 31. f4 Nd7 32. Nxh6+ gxh6 33. f5 Nf6 34. Qe3 Re8 35. fxg6 fxg6 36. Rf1 Bf7 37. Qf4 Re6 38. Bf3 Qd6 39. Qxd6 Rxd6 40. Rd1 Rxd1+ 1/2-1/2

[Event "Budapest Vezerkepzo GM 12"]
[Site "Budapest"]
[Date "2022.12.21"]
[Round "7"]
[White "Nemeth, Miklos"]
[Black "Gaal, Zsoka"]
[Result "1-0"]
[WhiteElo "2443"]
[BlackElo "2278"]
[PlyCount "103"]
[EventDate "2022.12.14"]
[EventType "tourn"]
[EventRounds "9"]
[EventCountry "HUN"]
[EventCategory "6"]
[SourceTitle "CBM 211 Extra"]
[Source "ChessBase"]
[SourceDate "2023.01.31"]
[SourceVersion "1"]
[SourceVersionDate "2023.01.31"]
[SourceQuality "1"]

1. e4 c6 2. Nc3 d5 3. Nf3 dxe4 4. Nxe4 Nf6 5. Qe2 Nxe4 6. Qxe4 Nd7 7. Bc4 Nf6 8. Qe2 e6 9. 0-0 Bd6 10. d4 Qc7 11. Bg5 Nd5 12. Bb3 h6 13. Bd2 0-0 14. c4 Nf6 15. Bc3 Re8 16. Bc2 a5 17. c5 Be7 18. Ne5 b6 19. cxb6 Qxb6 20. Qf3 Bb7 21. Qg3 Bb4 22. Nc4 Qd8 23. Rfe1 Re7 24. Rad1 Qc7 25. Ne5 Rd8 26. a3 Bxc3 27. Qxc3 Ree8 28. Ba4 Rc8 29. Rc1 Nd5 30. Qc5 Ne7 31. Bc2 Rcd8 32. Be4 Qd6 33. Red1 Nf5 34. Bxf5 exf5 35. Qxa5 Qf6 36. Rc5 Qg5 37. Nf3 Qg6 38. h3 f4 39. Qc7 Bc8 40. Rxc6 Qh5 41. Qxf4 Rd5 42. Re1 Rxe1+ 43. Nxe1 Be6 44. Nf3 g5 45. Qe4 g4 46. hxg4 Bxg4 47. Rc5 Rxc5 48. dxc5 Bxf3 49. Qxf3 Qxc5 50. b4 Qd4 51. Qb3 h5 52. Qe3 1-0